Stadar i Rogaland Quiz Stats

 Plays Quiz not verified by Sporcle

Score 0/43 Timer 15:00
0 Plays Today
Nr Stad % Correct
1Skudeneshavn
88.9%
2Åkrehamn-Veavågen
85.2%
3Kopervik
85.2%
25Randaberg
81.5%
41Egersund
81.5%
24Stavanger
77.8%
9Haugesund
74.1%
20Jørpeland
74.1%
28Sandnes
74.1%
19Tau
70.4%
34Bryne
70.4%
6Avaldsnes
66.7%
14Sauda
66.7%
27Sola
63%
32Ålgård-Figgjo
63%
5Visnes-Torvastad
59.3%
43Moi
59.3%
4Kårstø
55.6%
12Ølen
55.6%
15Sand
48.1%
16Hjelmelandsvågen
48.1%
23Hommersåk-Riska
48.1%
Nr Stad % Correct
26Tananger
44.4%
39Sirevåg
44.4%
30Kleppe
40.7%
8Rossabø-Norheim
37%
11Skjold
37%
17Judaberg
37%
21Forsand
37%
13Sandeid
33.3%
22Høle
33.3%
29Hålandsmarka
33.3%
31Kvernaland
33.3%
36Varhaug
33.3%
40Hellvik
33.3%
7Vormedal
29.6%
33Lyefjell
29.6%
35Nærbø
29.6%
42Hauge
29.6%
10Førre
25.9%
38Vikeså
25.9%
37Vigrestad
22.2%
18Vikevåg
7.4%

You're not logged in!

Compare scores with friends on all Sporcle quizzes.
OR
Log In

Sporcle TV

Today on Sporcle TV


Watch our educational content, quiz creation guides, and fun videos on Sporcle TV.

Show Comments

Extras

Created Dec 27, 2014ReportNominate
Tags:kart, stavanger

Top Quizzes Today


Score Distribution

Your Account Isn't Verified!

In order to create a playlist on Sporcle, you need to verify the email address you used during registration. Go to your Sporcle Settings to finish the process.

Report this User

Report this user for behavior that violates our Community Guidelines.

Details: